000 00605nam a2200169 i 4500
001 51333
003 ES-MaACL
005 20230906162334.0
007 t|
008 030812s1981 sp ||||1| spa d
100 1 _aDaerr, Alfred.
_942426
245 1 0 _aTecnología farmacéutica
_b: texto para el ingeniero farmacéutico /
_c[director, Alfred Dèarr] ; traducido de la 4ª edición alemana por Vicente Montejo de Garcini Guedas.
260 _aZaragoza :
_bAcribia,
_c[1981]
300 _aXI, 366 p. :
_bil. ;
_c24 cm.
700 1 _aMontejo de Garcini Guedas, Vicente.
_982443
852 _aES-MaACL
_jL-1935
999 _c51333
_d51333